| 000 | 00387nam a22001577a 4500 | ||
|---|---|---|---|
| 003 | SGT | ||
| 020 | _a9780198853442 | ||
| 082 |
_a616.024 _bO20F |
||
| 100 | _aFIRTH, JOHN D. | ||
| 245 | _aOXFORD TB. OF MEDICINE 4VOLUME SET | ||
| 250 | _a6TH | ||
| 260 |
_aU.K. _bOXFORD UNIVERSITY PRESS _c2020 |
||
| 300 | _a1634, 3237, 5166, 6654 | ||
| 650 | _aGENERAL MEDICINE | ||
| 942 |
_2ddc _cBK |
||
| 999 |
_c30643 _d30643 |
||